• 首页
  • 本馆介绍
  • 公告通知
  • 最新文献
  • 馆藏检索
  • 电子资源
  • 读者导购
  • 参考咨询
  • 我的图书馆
  • 登录
  • 详细信息显示
  • 放入我的书架
  • 预约/预借图书
  • 作者相关作品
  • 分类相关作品
  • 丛书相关作品
  • 出版社相关作品

书目信息

  • 表格格式
  • 工作单格式
  • 卡片格式
题名:
企业股份制改造概论
    
 
作者: 陈佳贵等主编
分册:  
出版信息:   经济管理出版社  1999.01
页数: 405页
开本: 32开
丛书名:
单 册:
中图分类: F121.29
科图分类:
主题词: 经济--中国
电子资源:
ISBN: 7-80118-730-X
000 00547nam0 2200181 45
001 9911301546
005 19991130153612.4
010    @a7-80118-730-X@d20.00
100    @a19991130d1999 km y0chiy0120 ea
101    @achi
105    @a z 000yy
200 1  @a企业股份制改造概论@AQi Ye Gu Fen Zhi Gai Zao Gai Lun@f陈佳贵等主编@FChen Jia Gui Deng Zhu Bian
210    @c经济管理出版社@d1999.01
215    @a405页@c无图表@d32开
606 0  @a经济@x中国
690    @aF121.29@v3
801    @aCN@bPerfectUser@c19991130
905    @aBZT@b65389-390@f2@dF121.29@e2
    
    企业股份制改造概论/陈佳贵等主编.-经济管理出版社,1999.01
    405页:无图表;32开
    
    
    ISBN 7-80118-730-X:20.00
    
●
相关链接 在五车中查询图书 在当当中查询图书 在豆瓣中查询图书


正题名:企业股份制改造概论     索取号:F121.29/2         预约/预借

序号 登录号 条形码 馆藏地/架位号 状态 备注
1 65389   200382326   中心书库北库/ 北库007架A面3列6层16/ [索取号:F121.29/2] 在馆    
2 65390   200382335   中心书库北库/ 北库007架A面3列6层15/ [索取号:F121.29/2] 在馆    
山东省滨州职业学院图书馆 欢迎您!
大连网信软件有限公司© 版权所有